00558nam a22001457a 4500003000400000082001900004100001300023245014200036260004400178300000800222650004100230942001200271952011200283999001700395SGT a617.6342bC25K aKushagar aComparison of different concentration of Chlorhexidine as cavity disinfectant on resin dentine bond strength duabilitybAn In Vitro Study aGurugram, HaryanabSGT Universityc2025 a111 aConservative Dentistry & Endodontics 2ddccTH 00102ddc405171aFDbFDd2025-07-14iSGTUl0o617.6342 C25KpDT2264r2025-07-14 00:00:00w2025-07-14yTH c32098d32098